<?xml version="1.0" encoding="UTF-8"?>
<collection xmlns="http://www.loc.gov/MARC21/slim">
<record>
  <controlfield tag="001">121</controlfield>
  <controlfield tag="005">20160222141711.0</controlfield>
  <datafield tag="037" ind1=" " ind2=" ">
    <subfield code="a">SIDCimport-126</subfield>
  </datafield>
  <datafield tag="100" ind1=" " ind2=" ">
    <subfield code="a">Zhukov, A.N.</subfield>
  </datafield>
  <datafield tag="260" ind1=" " ind2=" ">
    <subfield code="c">2005</subfield>
  </datafield>
  <datafield tag="245" ind1=" " ind2=" ">
    <subfield code="a">Solar Sources of Geoeffective CMEs: a SOHO/EIT View</subfield>
  </datafield>
  <datafield tag="773" ind1=" " ind2=" ">
    <subfield code="t">Coronal and Stellar Mass Ejections; Cambridge University Press</subfield>
    <subfield code="b">Eds. K. Dere, J. Wang, and Y. Yan</subfield>
    <subfield code="c">437-447</subfield>
    <subfield code="z">9780521851978</subfield>
  </datafield>
  <datafield tag="856" ind1="4" ind2="2">
    <subfield code="a">http://128.232.233.5/action/displayFulltext?type=1=310486=IAU=2004=IAUS226=310485</subfield>
  </datafield>
  <datafield tag="980" ind1=" " ind2=" ">
    <subfield code="a">BOOKSECT</subfield>
  </datafield>
</record>
</collection>